Kraje z którymi graniczy Rosja - Statystyki

Ogólne statystyki
  • Ten quiz został rozwiązany 123 razy
  • Średni wynik to 11 z 14
Statystyki odpowiedzi
Odpowiedź % Poprawnych
Chiny
94%
Polska
94%
Ukraina
93%
Łotwa
87%
Białoruś
86%
Estonia
86%
Kazachstan
86%
Litwa
86%
Finlandia
78%
Mongolia
75%
Gruzja
64%
Korea Północna
63%
Azerbejdżan
59%
Norwegia
51%
Nie znaleziono quizów pasujących do podanych kryteriów
Rozkład punktacji
Procent ludzi z każdym wynikiem
Percentyl według liczby udzielonych odpowiedzi
Twoja historia wyników
Nie rozwiązałeś tego quizu